000 00993nam a22002537a 4500
005 20110913152830.0
008 110913t xxu||||| |||| 00| 0 mar d
010 _aMAR-21420
020 _c150.00
035 _aMR-14078
037 _bDBAD/PUB
040 _aDPL
_bMR
082 _a920
100 _934729
_aशेवाळकर,राम
245 _aसोयरे /
_cराम शेवाळकर
246 _aSoyare
_bby Ram Shewarkar
260 _aनागपूर
_bज्ञानेश प्रकाशन
_c2008
270 _bनागपूर
_a6,नवनिर्माण प्रताप नगर
_e4400022
300 _a168पृ.
_c22सेमी(अजिल्द)
650 _aजीवन चरित्र
_935254
650 _aBiography
_935255
942 _2ddc
_cMR
_mशेवाळ
_h920
999 _c57608
_d57608